<?xml version="1.0" encoding="UTF-8"?>
<record
    xmlns:xsi="http://www.w3.org/2001/XMLSchema-instance"
    xsi:schemaLocation="http://www.loc.gov/MARC21/slim http://www.loc.gov/standards/marcxml/schema/MARC21slim.xsd"
    xmlns="http://www.loc.gov/MARC21/slim">

  <leader>00845nam a22002297a 4500</leader>
  <controlfield tag="005">20260113152341.0</controlfield>
  <datafield tag="010" ind1=" " ind2=" ">
    <subfield code="a">ENG-147402-404</subfield>
  </datafield>
  <datafield tag="020" ind1=" " ind2=" ">
    <subfield code="a">9789349015708(Set of 3)</subfield>
    <subfield code="c">10995.00</subfield>
  </datafield>
  <datafield tag="035" ind1=" " ind2=" ">
    <subfield code="a">EN-130934-936</subfield>
  </datafield>
  <datafield tag="037" ind1=" " ind2=" ">
    <subfield code="b">DBAD</subfield>
    <subfield code="a">DPL</subfield>
  </datafield>
  <datafield tag="082" ind1=" " ind2=" ">
    <subfield code="a">347.540502468</subfield>
    <subfield code="2">21</subfield>
  </datafield>
  <datafield tag="100" ind1=" " ind2=" ">
    <subfield code="a">Mulla, Dinshah Fardunji</subfield>
    <subfield code="9">86336</subfield>
  </datafield>
  <datafield tag="245" ind1=" " ind2=" ">
    <subfield code="a">The Code of Civil Procedure/</subfield>
    <subfield code="c">Dinshah Fardunji Mulla</subfield>
  </datafield>
  <datafield tag="250" ind1=" " ind2=" ">
    <subfield code="a">21</subfield>
  </datafield>
  <datafield tag="260" ind1=" " ind2=" ">
    <subfield code="a">Haryana</subfield>
    <subfield code="b"> Lexis Nexis</subfield>
    <subfield code="c">2026</subfield>
  </datafield>
  <datafield tag="270" ind1=" " ind2=" ">
    <subfield code="a">14th Floor, Building No. 10, Tower-B, DLF Cyber City, Phase-II, Gurgaon</subfield>
    <subfield code="b">Haryana</subfield>
    <subfield code="e">122002</subfield>
    <subfield code="m">help.in@lexisnexis.com</subfield>
  </datafield>
  <datafield tag="300" ind1=" " ind2=" ">
    <subfield code="a">xxix,4771p.</subfield>
    <subfield code="c">24cm(hb)</subfield>
  </datafield>
  <datafield tag="490" ind1=" " ind2=" ">
    <subfield code="v">Vol 1, Vol 2, Vol 3</subfield>
  </datafield>
  <datafield tag="500" ind1=" " ind2=" ">
    <subfield code="a">Vol 1 Sections 1 to 158
Vol 2 Orders I to XXII
Vol 3 Orders XXIII to LI Schedules &amp; Appendices
</subfield>
  </datafield>
  <datafield tag="700" ind1=" " ind2=" ">
    <subfield code="9">86329</subfield>
  </datafield>
  <datafield tag="942" ind1=" " ind2=" ">
    <subfield code="2">ddc</subfield>
    <subfield code="c">EN</subfield>
    <subfield code="h">347.540502468</subfield>
    <subfield code="m">MUL</subfield>
    <subfield code="e">21</subfield>
  </datafield>
  <datafield tag="999" ind1=" " ind2=" ">
    <subfield code="c">214096</subfield>
    <subfield code="d">214096</subfield>
  </datafield>
  <datafield tag="952" ind1=" " ind2=" ">
    <subfield code="0">0</subfield>
    <subfield code="1">0</subfield>
    <subfield code="3">VOL-1</subfield>
    <subfield code="4">0</subfield>
    <subfield code="7">1</subfield>
    <subfield code="8">REF</subfield>
    <subfield code="a">DBAD</subfield>
    <subfield code="b">DBAD</subfield>
    <subfield code="d">2026-01-13</subfield>
    <subfield code="e">Delivery of Books Act Division</subfield>
    <subfield code="g">3665.00</subfield>
    <subfield code="l">0</subfield>
    <subfield code="o">347.540502468 MUL</subfield>
    <subfield code="p">EN-130934</subfield>
    <subfield code="r">2026-01-13 00:00:00</subfield>
    <subfield code="t">1</subfield>
    <subfield code="v">3665.00</subfield>
    <subfield code="w">2026-01-13</subfield>
    <subfield code="y">EN</subfield>
  </datafield>
  <datafield tag="952" ind1=" " ind2=" ">
    <subfield code="0">0</subfield>
    <subfield code="1">0</subfield>
    <subfield code="3">VOL-2</subfield>
    <subfield code="4">0</subfield>
    <subfield code="7">1</subfield>
    <subfield code="8">REF</subfield>
    <subfield code="a">DBAD</subfield>
    <subfield code="b">DBAD</subfield>
    <subfield code="d">2026-01-13</subfield>
    <subfield code="e">Delivery of Books Act Division</subfield>
    <subfield code="g">3665.00</subfield>
    <subfield code="l">0</subfield>
    <subfield code="o">347.540502468 MUL</subfield>
    <subfield code="p">EN-130935</subfield>
    <subfield code="r">2026-01-13 00:00:00</subfield>
    <subfield code="t">1</subfield>
    <subfield code="v">3665.00</subfield>
    <subfield code="w">2026-01-13</subfield>
    <subfield code="y">EN</subfield>
  </datafield>
  <datafield tag="952" ind1=" " ind2=" ">
    <subfield code="0">0</subfield>
    <subfield code="1">0</subfield>
    <subfield code="3">VOL-3</subfield>
    <subfield code="4">0</subfield>
    <subfield code="7">1</subfield>
    <subfield code="8">REF</subfield>
    <subfield code="a">DBAD</subfield>
    <subfield code="b">DBAD</subfield>
    <subfield code="d">2026-01-13</subfield>
    <subfield code="e">Delivery of Books Act Division</subfield>
    <subfield code="g">3665.00</subfield>
    <subfield code="l">0</subfield>
    <subfield code="o">347.540502468 MUL</subfield>
    <subfield code="p">EN-130936</subfield>
    <subfield code="r">2026-01-13 00:00:00</subfield>
    <subfield code="t">1</subfield>
    <subfield code="v">3665.00</subfield>
    <subfield code="w">2026-01-13</subfield>
    <subfield code="y">EN</subfield>
  </datafield>
</record>
